Monthly Review of the U.S. Bureau of Labor Statistics

محفوظ في:

التنسيق: دورية

اللغة: Undetermined

منشور في: JSTOR

الموضوعات:

الوصول للمادة أونلاين: Login to view Source

الوسوم: إضافة وسم

لا توجد وسوم, كن أول من يضع وسما على هذه التسجيلة!

رقم الطلب:

LEADER 00709nas a2200193Ia 4500
008 220214c99999999xx |||||||||||| ||und||
022 |a 2329-1354 
022 |a 2329-1362 
245 0 0 |a Monthly Review of the U.S. Bureau of Labor Statistics 
264 1 |b JSTOR 
362 0 |a Vol. 1(1915)-6 (1918) 
500 |a Content for this title is released as soon as the latest issues become available to JSTOR. 
653 1 0 |a Business & Economics 
653 1 0 |a Labor & Employment Relations 
653 1 0 |a Management & Organizational Behavior 
856 4 0 |u https://www.jstor.org/journal/monrevburlabsta 
942 |c JL 
952 |0 0  |1 0  |4 0  |7 1  |9 36298  |a JSR  |b JSR  |d 2022-02-14  |l 0  |r 2022-02-14 00:00:00  |w 2022-02-14  |y JL 
999 |c 44631  |d 44631